| 000 | 00587nam a2200217Ia 4500 | ||
|---|---|---|---|
| 008 | 160803s9999 xx 000 0 und d | ||
| 020 | _a0 439566282 | ||
| 100 | _aHirschmann, Kris | ||
| 245 | _aOwls, bats, wolves and other nocturnal animals / | ||
| 245 | _cby Kris Hirschmann. | ||
| 260 | _aNew York : | ||
| 260 | _bScholastic Inc. | ||
| 260 | _c2003 | ||
| 300 | _a32 pages : | ||
| 300 | _bcolor illustrations ; | ||
| 300 | _c23 cm. | ||
| 440 | _aWorld discovery science readers. | ||
| 650 | _aNocturnal animals -- | ||
| 650 | _xJuvenile literature. | ||
| 700 | _a640 | ||
| 999 |
_c298598 _d298598 |
||